|
|
|
|
| LEADER |
00000nam0a2200000 4500 |
| 001 |
153918 |
| 005 |
20231101221727.0 |
| 020 |
|
|
|a RU
|b 87-93141
|
| 035 |
|
|
|a (RuTPU)RU\TPU\book\166966
|
| 090 |
|
|
|a 153918
|
| 100 |
|
|
|a 20090219d1987 c y0rusy5003 ca
|
| 101 |
0 |
|
|a rus
|
| 102 |
|
|
|a RU
|
| 105 |
|
|
|a a z 000ay
|
| 200 |
1 |
|
|a Федотка и другие
|e для младшего школьного возраста
|f М. А. Шолохов
|g сост. и предисл. Ю. Б. Лукин ; худож. А. Г. Слепков
|
| 210 |
|
|
|a Москва
|c Детская литература
|d 1987
|
| 215 |
|
|
|a 80 с.
|c цв. ил.
|d 28 см
|
| 610 |
1 |
|
|a Классовая борьба в деревне
|
| 610 |
1 |
|
|a Коллективизация сельского хозяйства
|
| 610 |
1 |
|
|a Казачество донское
|
| 675 |
|
|
|a Р2
|z rus
|
| 700 |
|
1 |
|a Шолохов
|b М. А.
|c русский писатель
|c академик АН СССР
|f 1905-1984
|g Михаил Александрович
|2 stltpush
|3 (RuTPU)RU\TPU\pers\495
|9 236
|
| 702 |
|
1 |
|a Лукин
|b Ю. Б.
|4 220
|
| 702 |
|
1 |
|a Слепков
|b А. Г.
|4 440
|
| 801 |
|
0 |
|a RU
|b RuMRKP
|c 19950417
|g psbo
|
| 801 |
|
1 |
|a RU
|b 63413507
|c 20090219
|g PSBO
|
| 801 |
|
2 |
|a RU
|b 63413507
|c 20090219
|g PSBO
|
| 942 |
|
|
|c BK
|